000 01150cam a22003377a 4500
003 CHAP
005 20220329135326.0
008 971013s1982 r 00010 d
010 _a34435
011 _a35407
035 _a39523
040 _cCHAP
082 _a581.13
_bM4 1982
100 0 0 _aMengel, Konrad.
_974805
245 0 _aPrinciples of plant nutrition
250 _a3 ed.
260 _aBern :
_bInternational Potash Institute,
_c1982
300 _a655 p.
_b: ilus. ; gráfs
590 _aBATCH-UPD
_b10
_c20130110
_lUCH01
_h1541
590 _aBATCH-UPD
_b10
_c20130410
_lUCH01
_h0943
590 _aBATCH-UPD
_b10
_c20130914
_lUCH01
_h1708
590 _aCONVERSION
_b10
_c20130109
_lUCH01
_h1319
650 1 4 _aPlantas
_xElementos minerales.
_988823
650 1 4 _aPlantas
_xNutrición.
_988874
700 0 _aKirkby, Ernest A.
_963348
901 _aBK
942 _cLIBRO
949 _a581.13 M4 1982
_bBC
_cLIBRO
_d-90133
_eLIBRO
_h63371
_i39523
_mDirecto
_si
_t5.09
949 _a581.13 M4 1982
_bBC
_cLIBRO
_d33724000512281
_eLIBRO
_fc.3
_h66867
_i39523
_si
_t5.09
949 _a581.13 M4 1982
_bBC
_cLIBRO
_d33724000826624
_eLIBRO
_fc.2
_h66866
_i39523
_si
_t5.09
999 _c34435
_d34435